000 00838nam a22002297a 4500
999 _c14244
_d14244
003 AR-CdUCM
008 190422b ||||| |||| 00| 0 spa d
040 _aMUNICIPALIDAD PROVINCIAL DEL CUSCO
_cBIBLIOTECA MUNICIPAL DEL CUSCO
082 _a632.7 /
_bB61
100 _aBlanco Galdos, Oscar
_932943
245 _aLas hormonas y sus posibilidades futuras en la lucha contra los insectos /
260 _aCuzco :
_bGarcilaso,
_c1966.
300 _a8 paginas ;
_c19 cm.
505 _aContenido :Problemas actuales en el control quĂ­mico de los insectos -- Perspectiva en el campo de los insecticidas --Las hormonas de los insectos.
650 _aAgronmia
_932944
650 _aInectos
_932945
650 _aInsecticidas
_922184
650 _aCusco
_9772
650 _aUNSAAC
_98726
942 _2ddc
_cFOLLETOS
945 _awnts
_d2019-04-22